Central Library OPAC University of Rajshahi

A new English grammar : (Record no. 50594)

MARC details
000 -LEADER
fixed length control field 01456cam a2200301K 4500
001 - CONTROL NUMBER
control field 50594
003 - CONTROL NUMBER IDENTIFIER
rucl marc code BD-RjUL
005 - DATE AND TIME OF LATEST TRANSACTION
control field 20211209075532.0
008 - FIXED-LENGTH DATA ELEMENTS--GENERAL INFORMATION
fixed length control field 160828r19511916enk o 001 0 eng d
035 ## - SYSTEM CONTROL NUMBER
System control number (OCoLC)ocn609514547
System control number BD-RjUL50714
040 ## - CATALOGING SOURCE
Original cataloging agency OCLCE
Language of cataloging eng
Transcribing agency OCLCE
Modifying agency OCLCQ
041 ## - LANGUAGE CODE
Language code of text/sound track or separate title eng
082 ## - DEWEY DECIMAL CLASSIFICATION NUMBER
Edition number 23
Classification number 425
Author mark and year SON 1951
100 1# - MAIN ENTRY--PERSONAL NAME
Personal name Sonnenschein, E. A.
Fuller form of name (Edward Adolf),
Dates associated with a name 1851-1929.
9 (RLIN) 151506
245 12 - TITLE STATEMENT
Title A new English grammar :
Remainder of title based on the recommendations of the Joint Committee on Grammatical Terminology /
Statement of responsibility, etc. by E.A. Sonnenschein. With exercises by Edith Archibald.
260 ## - PUBLICATION, DISTRIBUTION, ETC. (IMPRINT)
Place of publication, distribution, etc. Oxford :
Name of publisher, distributor, etc. Clarendon Press,
Date of publication, distribution, etc. 1916 [printing 1917-1952]
300 ## - PHYSICAL DESCRIPTION
Pagination V. ;
Size 21 cm.
505 0# - FORMATTED CONTENTS NOTE
Formatted contents note pt. I. Parts of speech and outlines of analysis.--pt. II. Kinds of pronouns, adjectives, and adverbs. Forms and their chief meanings.--pt. III. Structure of sentences and clauses. Uses of forms.
506 ## - RESTRICTIONS ON ACCESS NOTE
Materials specified Use copy
Standardized terminology for access restriction Restrictions unspecified
Source of term star
Institution to which field applies MiAaHDL
650 #0 - SUBJECT ADDED ENTRY--TOPICAL TERM
Topical term or geographic name as entry element English language
General subdivision Grammar.
9 (RLIN) 151507
Topical term or geographic name as entry element English language
General subdivision Composition and exercises.
9 (RLIN) 132981
700 1# - ADDED ENTRY--PERSONAL NAME
Personal name Archibald, Edith.
776 08 - ADDITIONAL PHYSICAL FORM ENTRY
Relationship information Print version:
Main entry heading Sonnenschein, E. A. (Edward Adolf), 1851-1929.
Title New English grammar.
Place, publisher, and date of publication Oxford, Clarendon Press [1916]
Record control number (DLC) 17005440
-- (OCoLC)4526942
856 40 - ELECTRONIC LOCATION AND ACCESS
Materials specified HathiTrust Digital Library
Uniform Resource Identifier <a href="http://catalog.hathitrust.org/api/volumes/oclc/4526942.html">http://catalog.hathitrust.org/api/volumes/oclc/4526942.html</a>
942 ## - ADDED ENTRY ELEMENTS (KOHA)
Source of classification or shelving scheme Dewey Decimal Classification
Koha item type Books
Holdings
Lost status Source of classification or shelving scheme Damaged status Not for loan Collection code Permanent Location Current Location Shelving location Date acquired Source of acquisition Cost, normal purchase price Total Checkouts Full call number Date last seen Copy number Koha item type
  Dewey Decimal Classification     Non-fiction Central Library, University of Rajshahi Central Library, University of Rajshahi   26/02/1955 O.U.P. 3.60   425 SON Pt-2 1951 28/08/2016 C-2 Books
  Dewey Decimal Classification     Non-fiction Central Library, University of Rajshahi Central Library, University of Rajshahi   26/02/1955 O.U.P. 3.60   425 SON Pt-1 1952 28/08/2016 C-2 Books